000 02801cam a2200493 a 4500
001 17305670
003 OSt
005 20150408114105.0
008 120518s2011 enka b 001 0 eng c
010 _a 2012397281
015 _aGBB039121
_2bnb
016 7 _a101549425
_2DNLM
016 7 _a015510597
_2Uk
020 _a9780199533299 (pbk.)
020 _a0199533296 (pbk.)
035 _a(OCoLC)ocn674642927
040 _aNLM
_beng
_cNLM
_dNLE
_dUKM
_dBTCTA
_dYDXCP
_dBWK
_dUAB
_dPGC
_dCHRRO
_dMIX
_dDLC
042 _apcc
050 0 0 _aRB37.6
_b.B56 2011
060 0 0 _a2010 M-674
060 1 0 _aQY 25
072 7 _as1me
_2rero
082 0 0 _a616.07068
_223
_bBIS
245 0 0 _aBiomedical science practice :
_bexperimental and professional skills /
_cedited by Hedley Glencross, Nessar Ahmed, Qiuyu Wang.
260 _aOxford ;
_aNew York :
_bOxford University Press,
_cc2011.
300 _axx, 573 p. :
_bcol. ill. ;
_c25 cm.
490 1 _aFundamentals of biomedical science
504 _aIncludes bibliographical references and index.
505 0 _aBiomedical science and biomedical scientists / Hedley Glencross -- Fitness to practice / Hedley Glencross -- Communication in laboratory medicine / Georgina Lavender -- Health and safety / Alison Taylor -- Statistics and handling data / Andrew Blann -- Preparing and measuring reagents / Ian Graham -- Samples and sample collection / Joyce Overfield -- Microscopy / Tony Sims -- Electrochemistry / Peter Robinson -- Radioactivity and radiation / John Gaffney and Mark Slevin -- Spectroscopy / Qiuyu Wang ... [et al.] -- Centrifugation / Qiuyu Wang, Nessar Ahmed, and Chris Smith -- Chromatography / Qiuyu Wang, Nessar Ahmed, and Chris Smith -- Electrophoresis / Qiuyu Wang, Nessar Ahmed, and Chris Smith -- Immunological techniques / Christine Yates -- Molecular biology techniques / Qiuyu Wang, Nessar Ahmed, and Chris Smith -- Laboratory automation / Tim James -- Point of care testing / Jan Still and Lynda Petley -- Quality assurance and management / Elaine Moore -- Personal development / Georgina Lavender.
650 0 _aPathology
_xPractice.
_918613
650 0 _aMedical sciences.
650 0 _aDiagnosis, Laboratory
_xMethodology.
_918614
650 1 2 _aPathology, Clinical
_xmethods.
_918615
650 1 2 _aProfessional Competence.
_918616
650 2 2 _aClinical Laboratory Techniques
_xmethods.
_918617
650 2 2 _aClinical Laboratory Techniques.
_96026
700 1 _aGlencross, Hedley.
_918618
700 1 _aAhmed, Nessar.
_918619
700 1 _aWang, Qiuyu.
_918620
830 0 _aFundamentals of biomedical science.
_918621
906 _a7
_bcbc
_cpccadap
_d2
_encip
_f20
_gy-gencatlg
942 _2ddc
_cDVD
999 _c26518
_d261018